| 000 | 01878nam a2200421 4500 | ||
|---|---|---|---|
| 003 | CO-CtgCURN | ||
| 005 | 20260409154646.0 | ||
| 007 | ta | ||
| 008 | 160627s2000 000 0 eng d | ||
| 020 | _a968426819x | ||
| 040 |
_aCO-CtgCURN _bspa _ccoctgcurn |
||
| 082 | 0 |
_a616.15 _bM24h |
|
| 100 | 1 | _aMcKenzie, Shirlyn B. | |
| 245 | 1 | 0 |
_aHematología clinica / _cShirlyn B. McKenzie ; Jorge A. Mérigo Jane, Alberto Santo Pérez. |
| 250 | _a2a ed. | ||
| 260 |
_aMéxico : _bManual Moderno, _c2000. |
||
| 300 | _a873 p. | ||
| 336 | _2rdacontent | ||
| 337 |
_2rdamedia _asin mediacion _bn |
||
| 338 |
_2rdacarrier _avolumen _bnc |
||
| 500 | _aIncluye indice y glosario. | ||
| 505 | 8 | _aEstructura y función de órganos hematopoyéticos y desarrollo de células sanguíneas.-- El eritrocito.-- El leucocito.-- Aspectos generales y clasificación de la anemia.-- Anemia por defectos en la síntesis del hem.-- Anemias causadas por anomalidades en la biosíntesis de la globina.-- Transtornos no malignos de los granulocitos y de los monocitos.-- Transtornos no malignos del linfocito | |
| 590 | _aHematología general (Bacteriología) | ||
| 650 | 1 | 4 |
_aHematología _xInvestigaciones _zChile. |
| 650 | 1 | 4 |
_aSangre _xAnálisis. |
| 650 | 1 | 4 |
_aHematología _xInvestigaciones. |
| 650 | 1 | 4 | _aEnfermedades de la sangre. |
| 700 | 1 |
_aSantos Pérez, Alberto, _cEditor. |
|
| 700 | 1 |
_aMérigo Jane, Jorge A, _cTraductor. |
|
| 908 | _a160627 | ||
| 942 |
_cBK _h616.15 _iM24h _2ddc |
||
| 999 |
_c22330 _d22330 |
||